La sostenibilidad del desarrollo en América Latina y el Caribe (Record no. 144740)

MARC details
000 -LEADER
fixed length control field 01448nam a22002777a 4500
005 - DATE AND TIME OF LATEST TRANSACTION
control field 20250130143927.0
008 - FIXED-LENGTH DATA ELEMENTS--GENERAL INFORMATION
fixed length control field 250130b cl d|||| |||| 00| 0 spa|d
020 ## - INTERNATIONAL STANDARD BOOK NUMBER
International Standard Book Number 9213220235
050 04 - LIBRARY OF CONGRESS CALL NUMBER
Classification number HC130.E5
Item number S67 2002
245 03 - TITLE STATEMENT
Title La sostenibilidad del desarrollo en América Latina y el Caribe
Remainder of title : desafíos y oportunidades
Statement of responsibility, etc / coordinación sustantiva Alicia Bárcena Ibarra, Ricardo Sánchez Sosa ; redacción Roberto Guimaráes,...[et al.] ; consultores Antonio Elizalde,...[et al.] ; colaboradores Jean Acquatella,...[et al.].
250 ## - EDITION STATEMENT
Edition statement 1a ed.
260 ## - PUBLICATION, DISTRIBUTION, ETC. (IMPRINT)
Place of publication, distribution, etc Santiago de Chile :
Name of publisher, distributor, etc Comisión Económica para América Latina y el Caribe (CEPAL) :
-- Programa de las Naciones Unidas para el Medio Ambiente, Oficina Regional para América Latina y el Caribe, (PNUMA/ORPALC),
Date of publication, distribution, etc 2002
300 ## - PHYSICAL DESCRIPTION
Extent 251 p. :
Other physical details il. ;
Dimensions 24 cm.
490 0# - SERIES STATEMENT
Series statement Libros de la CEPAL ;
Volume number/sequential designation 68
504 ## - BIBLIOGRAPHY, ETC. NOTE
Bibliography, etc Bibliografía : p. 229-235
650 #7 - SUBJECT ADDED ENTRY--TOPICAL TERM
Source of heading or term lemb
Topical term or geographic name as entry element Desarrollo sostenible
Geographic subdivision América Latina
650 #7 - SUBJECT ADDED ENTRY--TOPICAL TERM
Source of heading or term lemb
Topical term or geographic name as entry element Desarrollo sostenible
Geographic subdivision Área del Caribe
651 #7 - SUBJECT ADDED ENTRY--GEOGRAPHIC NAME
Source of heading or term lemb
Geographic name América Latina
General subdivision Condiciones ambientales
651 #4 - SUBJECT ADDED ENTRY--GEOGRAPHIC NAME
Geographic name Área del Caribe
General subdivision Condiciones ambientales
700 1# - ADDED ENTRY--PERSONAL NAME
Personal name Bárcena Ibarra, Alicia
Relator term coordinador.
700 1# - ADDED ENTRY--PERSONAL NAME
Personal name Sánchez Sosa, Ricardo
Relator term coordinador.
700 1# - ADDED ENTRY--PERSONAL NAME
Personal name Guimaráes, Roberto
Relator term colaborador
700 1# - ADDED ENTRY--PERSONAL NAME
Personal name Acquatella, Jean
Relator term colaborador
710 2# - ADDED ENTRY--CORPORATE NAME
Corporate name or jurisdiction name as entry element Comisión Económica para América Latina y el Caribe
942 ## - ADDED ENTRY ELEMENTS (KOHA)
Source of classification or shelving scheme Biblioteca del Cogreso de los Estados Unidos
Koha item type Libro
Holdings
Estado de pérdida Fuente de clasificación Estado del daño No para préstamo Ubicación permanente Ubicación actual Apartado o colección Fecha de adquisición Fuente de adquisición Edición Enumeración de Serie / Cronológica Dependencia de educación superior (DES) Área del conocimiento Clasificación Código de Barras Date last seen Número de copia Costo por reposición Tipo de recurso
  Biblioteca del Cogreso de los Estados Unidos   Uso interno Biblioteca Biblioteca de la Facultad de Economía Biblioteca de la Facultad de Economía General 17/01/2025 Unidad Académica 1a ed. Ciencias Económico Administrativas Ciencias Sociales y Administrativas HC130.E5 S67 2002 BFE000014716 28/09/2018 1 1.00 Libro